Statistics for MCU Actors by Picture

Click here to take the quiz!

General Stats

  • This quiz has been taken 10,655 times
  • The average score is 14 of 20

Answer Stats

Answer % Correct
Robert Downey Jr.
(Iron Man)
94%
Scarlett Johansson
(Black Widow)
94%
Samuel L. Jackson
(Nick Fury)
92%
Chris Hemsworth
(Thor)
92%
Benedict Cumberbatch
(Doctor Strange)
90%
Chris Pratt
(Star-Lord)
87%
Chris Evans
(Captain America)
77%
Mark Ruffalo
(Hulk)
75%
Paul Rudd
(Ant-Man)
75%
Gwyneth Paltrow
(Pepper Potts)
74%
Tom Holland
(Spider-Man)
71%
Idris Elba
(Heimdall)
69%
Brie Larson
(Captain Marvel)
68%
Jeremy Renner
(Hawkeye)
66%
Tom Hiddleston
(Loki)
64%
Jeff Goldblum
(Grandmaster)
60%
Michael B. Jordan
(Killmonger)
59%
Zoe Saldana
(Gamora)
52%
Josh Brolin
(Thanos)
50%
James Spader
(Ultron)
32%

Score Distribution

Percentile by Number Answered

Percent of People with Each Score

Your Score History

You have not taken this quiz